MyGZULibrary

Gender, development, and climate change / (Record no. 3455)

MARC details
000 -LEADER
fixed length control field 02705cam a2200385 a 4500
001 - CONTROL NUMBER
control field 13320033
003 - CONTROL NUMBER IDENTIFIER
control field GZU
005 - DATE AND TIME OF LATEST TRANSACTION
control field 20201130144127.0
008 - FIXED-LENGTH DATA ELEMENTS--GENERAL INFORMATION
fixed length control field 020521s2002 enk b 000 0 eng d
010 ## - LIBRARY OF CONGRESS CONTROL NUMBER
LC control number 2003363507
020 ## - INTERNATIONAL STANDARD BOOK NUMBER
International Standard Book Number 0855984791
035 ## - SYSTEM CONTROL NUMBER
System control number (OCoLC)ocm50707672
040 ## - CATALOGING SOURCE
Original cataloging agency COO
Transcribing agency DLC
Modifying agency COO
-- VVC
-- OCLCQ
-- DLC
042 ## - AUTHENTICATION CODE
Authentication code lccopycat
043 ## - GEOGRAPHIC AREA CODE
Geographic area code d------
050 00 - LIBRARY OF CONGRESS CALL NUMBER
Classification number HQ 1064
Item number MAS 2002
245 00 - TITLE STATEMENT
Title Gender, development, and climate change /
Statement of responsibility, etc. edited by Rachel Masika.
260 ## - PUBLICATION, DISTRIBUTION, ETC.
Place of publication, distribution, etc. Oxford :
Name of publisher, distributor, etc. Oxfam GB,
Date of publication, distribution, etc. c2002.
300 ## - PHYSICAL DESCRIPTION
Extent 112 p. ;
Dimensions 25 cm.
440 #0 - SERIES STATEMENT/ADDED ENTRY--TITLE
Title Oxfam focus on gender
500 ## - GENERAL NOTE
General note Cover title.
500 ## - GENERAL NOTE
General note Originally published in the journal Gender and development.
504 ## - BIBLIOGRAPHY, ETC. NOTE
Bibliography, etc. note Includes bibliographical references.
505 0# - FORMATTED CONTENTS NOTE
Formatted contents note Editorial / Rachel Masika -- Climate change vulnerability, impacts, and adaptation: why does gender matter? / Fatma Denton -- Climate change: learning from gender analysis and women's experiences of organising for sustainable development / Irene Dankelman -- Protocols, treaties, and action: the 'climate change process' viewed through gender spectacles / Margaret M. Skutsch -- Kyoto protocol negotiations: reflections on the role of women / Delia Villagrasa -- Gender and climate hazards in Bangladesh / Terry Cannon -- Uncertain predictions, invisible impacts, and the need to mainstream gender in climate change adaptations / Valerie Nelson ... [et al.] -- Gendering responses to El NiƱo in rural Peru / Rosa Rivero Reyes -- The Noel Kempff project in Bolivia: gender, power, and decision-making in climate mitigation / Emily Boyd -- Reducing risk and vulnerability to climate change in India: the capabilities approach / Marlene Roy and Henry David Venema -- Promoting the role of women in sustainable energy development in Africa: networking and capacity-building / Tieho Makhabane -- Transforming power relationships: building capacity for ecological security / Mary Jo Larson -- Resources / compiled by Ruth Evans.
650 #0 - SUBJECT ADDED ENTRY--TOPICAL TERM
Topical term or geographic name entry element Climatic changes
General subdivision Social aspects
Geographic subdivision Developing countries.
650 #0 - SUBJECT ADDED ENTRY--TOPICAL TERM
Topical term or geographic name entry element Sex role
Geographic subdivision Developing countries.
700 1# - ADDED ENTRY--PERSONAL NAME
Personal name Masika, Rachel.
730 0# - ADDED ENTRY--UNIFORM TITLE
Uniform title Gender and development.
856 42 - ELECTRONIC LOCATION AND ACCESS
Materials specified Contributor biographical information
Uniform Resource Identifier <a href="http://www.loc.gov/catdir/enhancements/fy1115/2003363507-b.html">http://www.loc.gov/catdir/enhancements/fy1115/2003363507-b.html</a>
856 42 - ELECTRONIC LOCATION AND ACCESS
Materials specified Publisher description
Uniform Resource Identifier <a href="http://www.loc.gov/catdir/enhancements/fy1115/2003363507-d.html">http://www.loc.gov/catdir/enhancements/fy1115/2003363507-d.html</a>
856 41 - ELECTRONIC LOCATION AND ACCESS
Materials specified Table of contents only
Uniform Resource Identifier <a href="http://www.loc.gov/catdir/enhancements/fy1115/2003363507-t.html">http://www.loc.gov/catdir/enhancements/fy1115/2003363507-t.html</a>
906 ## - LOCAL DATA ELEMENT F, LDF (RLIN)
a 7
b cbc
c copycat
d 2
e ncip
f 20
g y-gencatlg
942 ## - ADDED ENTRY ELEMENTS (KOHA)
Source of classification or shelving scheme Library of Congress Classification
Koha item type Books
Classification part 1064
Item part MAS
Call number prefix HQ
Holdings
Withdrawn status Lost status Damaged status Not for loan Collection code Home library Current library Shelving location Date acquired Inventory number Total Checkouts Full call number Barcode Date last seen Copy number Price effective from Koha item type
        Non-fiction City Campus Library City Campus Library General Stacks 11/30/2020 2987   HQ 1064 MAS 2002 B017841 11/30/2020 c.1 11/30/2020 Books